| 000 | 01203cam a2200337 4500 | ||
|---|---|---|---|
| 001 | 4571873 | ||
| 003 | ARRUPE | ||
| 005 | 20221116104048.0 | ||
| 008 | 710921s1971 vau b 000 0 eng | ||
| 010 | _a 74133242 | ||
| 020 | _a0804204624 | ||
| 028 | _bArrupe | ||
| 040 |
_aDLC _cDLC _dDLC |
||
| 041 | 1 |
_aeng _hger |
|
| 050 | 0 | 0 |
_aBT60 _b.T7613 1971 |
| 082 | 0 | 0 | _a201 |
| 100 | 1 |
_aTroeltsch, Ernst, _d1865-1923. _951848 |
|
| 240 | 1 | 0 |
_aAbsolutheit des Christentums und die Religionsgeschichte. _lEnglish |
| 245 | 1 | 4 |
_aThe absoluteness of Christianity and the history of religions. _cIntrod. by James Luther Adams. Translated by David Reid. |
| 260 |
_aRichmond, _bJohn Knox Press _c[1971] |
||
| 300 |
_a173 p. _c21 cm. |
||
| 490 | 0 | _aResearch in theology | |
| 500 | _aTranslation of Die Absolutheit des Christentums und die Religionsgeschichte, 3d ed. | ||
| 504 | _aIncludes bibliographical references. | ||
| 650 | 0 |
_aChristianity _xEssence, genius, nature. _911278 |
|
| 650 | 0 |
_aReligion _xStudy and teaching. _911779 |
|
| 650 | 0 | _aChristianity and other religions. | |
| 650 | 0 |
_aTheology _xMethodology. |
|
| 906 |
_a7 _bcbc _corignew _d2 _encip _f19 _gy-gencatlg |
||
| 942 |
_2lcc _cMONOGRAPH |
||
| 999 |
_c131522 _d131522 |
||